<?xml version="1.0" encoding="UTF-8"?>
<record
    xmlns:xsi="http://www.w3.org/2001/XMLSchema-instance"
    xsi:schemaLocation="http://www.loc.gov/MARC21/slim http://www.loc.gov/standards/marcxml/schema/MARC21slim.xsd"
    xmlns="http://www.loc.gov/MARC21/slim">

  <leader>00586nam a22001937a 4500</leader>
  <controlfield tag="005">20230602132119.0</controlfield>
  <controlfield tag="008">230602b        |||||||| |||| 00| 0 eng d</controlfield>
  <datafield tag="020" ind1=" " ind2=" ">
    <subfield code="a">9781842 157725</subfield>
  </datafield>
  <datafield tag="041" ind1=" " ind2=" ">
    <subfield code="a">eng</subfield>
  </datafield>
  <datafield tag="082" ind1=" " ind2=" ">
    <subfield code="a">712.36</subfield>
    <subfield code="b">ROB</subfield>
  </datafield>
  <datafield tag="100" ind1=" " ind2=" ">
    <subfield code="a">Robinson P</subfield>
    <subfield code="9">112758</subfield>
  </datafield>
  <datafield tag="245" ind1=" " ind2=" ">
    <subfield code="a">Splash Rock And Water Design In Gardens</subfield>
  </datafield>
  <datafield tag="260" ind1=" " ind2=" ">
    <subfield code="a">London</subfield>
    <subfield code="b">anness Publishing </subfield>
    <subfield code="c">2003</subfield>
  </datafield>
  <datafield tag="300" ind1=" " ind2=" ">
    <subfield code="a">128p</subfield>
    <subfield code="b">Pb</subfield>
    <subfield code="c">30 x 23</subfield>
  </datafield>
  <datafield tag="365" ind1=" " ind2=" ">
    <subfield code="a">INR</subfield>
    <subfield code="b">1.00</subfield>
    <subfield code="c">Rupaye</subfield>
  </datafield>
  <datafield tag="500" ind1=" " ind2=" ">
    <subfield code="a">Planning The Design
Special Features
Materials And Equipment
Construction Rock And Water Gardens</subfield>
  </datafield>
  <datafield tag="942" ind1=" " ind2=" ">
    <subfield code="c">DB</subfield>
  </datafield>
  <datafield tag="999" ind1=" " ind2=" ">
    <subfield code="c">159719</subfield>
    <subfield code="d">159719</subfield>
  </datafield>
  <datafield tag="952" ind1=" " ind2=" ">
    <subfield code="0">0</subfield>
    <subfield code="1">0</subfield>
    <subfield code="2">ddc</subfield>
    <subfield code="4">0</subfield>
    <subfield code="7">0</subfield>
    <subfield code="a">BNCA</subfield>
    <subfield code="b">BNCA</subfield>
    <subfield code="d">2023-06-02</subfield>
    <subfield code="g">1.00</subfield>
    <subfield code="o">712.36 ROB</subfield>
    <subfield code="p">BNCA-DB-1932</subfield>
    <subfield code="r">2023-06-02 00:00:00</subfield>
    <subfield code="v">1.00</subfield>
    <subfield code="w">0000-00-00</subfield>
    <subfield code="y">DB</subfield>
  </datafield>
</record>
